000 00799nam a22002057a 4500
005 20231128164135.0
008 231128b ||||| |||| 00| 0 eng d
040 _cAL
041 _aKannada
082 _223
_aK894.8
_bCHIK
100 _aK Chinappa Gowda
_9143680
245 _aKaravaliya Prabandhagalu ಕರಾವಳಿಯ ಪ್ರಬಂಧಗಳು
260 _aMangalagangothri
_bPrasaranga Mangalore University
_c2006
300 _a145 p.
_bPB
_c22x14 cm.
365 _a063-065
_b₹35.00
_c
_d₹75.00
_e50%
_f23-11-2023
650 _a1900rinda 1947ra avadiya patrikgalinda ayda Prabandhagalu
_9143617
700 _aK CHINNAPPA GOWDA ಕೆ ಚಿನ್ನಪ್ಪ ಗೌಡ
_9143618
700 _aB JANARDANA BHAT ಬಿ ಜನಾರ್ದನ ಭಟ್
_9143619
942 _2ddc
_cBK
999 _c229327
_d229327